000 00439nam a2200181Ia 4500
001 2072
005 20260306143815.0
008 260306t2022||||xx |||||||||||||| ||spa||
041 _aESP
082 _a612
_bH18
100 _aHall, John E.,
_eAUT
245 0 _aGuyton y Hall. Compendio de fisiología médica
260 _c2022
300 _axiv, 720 páginas :
_c21 cm.
650 _aGEN
654 _aCCS
942 _cLIB
_dJUS
_fJUS
_2ddc
_n
999 _c2072
_d2072